| 000 | 00519nam a2200181Ia 4500 | ||
|---|---|---|---|
| 999 |
_c10936 _d10936 |
||
| 003 | OSt | ||
| 005 | 20191219152659.0 | ||
| 008 | 190216s9999||||xx |||||||||||||| ||und|| | ||
| 020 | _a8127223883 | ||
| 040 | _coclc | ||
| 082 |
_a338.954 _bLEK/E |
||
| 100 |
_aLekhi, R K _9591 |
||
| 245 | 0 |
_aThe Economics Of Development And Planning / _c R K Lekhi |
|
| 260 |
_bKalyani Publishers, _c1990. _aNew Delhi: |
||
| 300 | _a888p | ||
| 650 | _aEcology | ||
| 942 |
_cBK _2ddc _h338.954 _iLEK/E _k338.954 _mLEK/E |
||